Historia 2 : América y Europa en la Edad Moderna /

Guardado en:
Autor Principal: Lardizábal, Lorena.
Formato: Libro
Idioma:Undetermined
Publicado: Boulogne : Estrada, 2018.
Series:Huellas
Materias:
Etiquetas: Agregar Etiqueta
Sin Etiquetas, Sea el primero en etiquetar este registro!
LEADER 01212nam a22002175a 4500
001 CEM.cems018783
008 210907s2018####xx############000#0#und#d
005 20221004161705.0
245 1 0 |a Historia 2 :  |b América y Europa en la Edad Moderna /  |c Lorena Lardizábal … [et al.]. 
260 |a Boulogne :  |b Estrada,  |c 2018. 
300 |a 240 p. 
490 1 |a Huellas 
500 |a Educación secundaria. 
505 0 |a Las sociedades americanas antes de la conquista -- La crisis del feudalismo -- Humanistas y renacentistas -- La expansión ultramarina de los pueblos europeos -- La conquista de América -- Los imperios coloniales europeos -- La sociedad colonial -- La era de los absolutismos -- El sistema mundial europeo -- Cultura y sociedad en la Europa del siglo XVII -- El Iluminismo -- La Revolución industrial -- Las transformaciones en América durante el siglo XVIII -- La Revolución Francesa y la expansión napoleónica -- Las culturas indígenas en el siglo XXI 
020 |a 9789500123075 
100 1 |a Lardizábal, Lorena. 
650 7 |a Historia 
650 7 |a Historia-Edad Moderna 
650 7 |a Feudalismo 
650 7 |a Pueblos originarios 
859 |a CEMS  |b BIB. CEMS - 11 de abril  |h 940.2  |i L322  |p 28347.19  |t Ej.1